Sowy Polski po obszarze występowania - Statystyki

Ogólne statystyki
  • Ten quiz został rozwiązany 17 razy
  • Średni wynik to 3 z 8
Statystyki odpowiedzi
Obrazkowy Odpowiedź % Poprawnych
Puszczyk / Uszatka / Uszatka błotna
80%
Pójdźka
60%
Puchacz
60%
Płomykówka
20%
Puszczyk mszarny
20%
Puszczyk uralski
20%
Sóweczka
20%
Włochatka
20%
Nie znaleziono quizów pasujących do podanych kryteriów
Rozkład punktacji
Procent ludzi z każdym wynikiem
Percentyl według liczby udzielonych odpowiedzi
Twoja historia wyników
Nie rozwiązałeś tego quizu